ბათუმის შოთა რუსთაველის სახელმწიფო უნივერსიტეტის ბიბლიოთეკა

მხატვრული აზროვნების ტრანსფორმაციის ფორმები ქართულ ფოლკლორში. (ბიბ.ჩანაწერი № 51603)

000 -LEADER
fixed length control field 01108nam a2200229Ia 4500
001 - CONTROL NUMBER
control field 18594
003 - CONTROL NUMBER IDENTIFIER
control field GE_BSU
008 - FIXED-LENGTH DATA ELEMENTS--GENERAL INFORMATION
fixed length control field 181216s||||||||xx |||||||||||||| ||und||
020 ## - INTERNATIONAL STANDARD BOOK NUMBER
International Standard Book Number 9789941086403
040 ## - CATALOGING SOURCE
Transcribing agency GE_BSU
080 ## - UNIVERSAL DECIMAL CLASSIFICATION NUMBER
Universal Decimal Classification number 398.5
245 ## - TITLE STATEMENT
Title მხატვრული აზროვნების ტრანსფორმაციის ფორმები ქართულ ფოლკლორში.
245 ## - TITLE STATEMENT
Statement of responsibility, etc. რედ:ირმა რატიანი,რუსუდან ჩოლოყაშვილი.
250 ## - EDITION STATEMENT
Edition statement შოთა რუსთაველის ქართული ლიტერატურის ინ-ტი:Shota Rustaveli Institute of Georgian Literature
260 ## - PUBLICATION, DISTRIBUTION, ETC.
Place of publication, distribution, etc. თბილისი
260 ## - PUBLICATION, DISTRIBUTION, ETC.
Name of publisher, distributor, etc. სამშობლო
260 ## - PUBLICATION, DISTRIBUTION, ETC.
Date of publication, distribution, etc. 2016
300 ## - PHYSICAL DESCRIPTION
Extent 448გვ;20სმ.
653 ## - INDEX TERM--UNCONTROLLED
Uncontrolled term მხატვრული აზროვნების ტრანსფორმაციის ფორმები ქართულ ფოლკლორში.
653 ## - INDEX TERM--UNCONTROLLED
Uncontrolled term ქართული ფოლკორი
942 ## - ADDED ENTRY ELEMENTS (KOHA)
Koha item type წიგნი
ეგზემპლარები
Withdrawn status Lost status Damaged status Not for loan Date acquired Barcode Date last seen Price effective from Koha item type
        2018-12-17 48047 2018-12-17 2018-12-17 წიგნი
        2018-12-17 48048 2018-12-17 2018-12-17 წიგნი